<?xml version="1.0" encoding="UTF-8"?>
<record
    xmlns:xsi="http://www.w3.org/2001/XMLSchema-instance"
    xsi:schemaLocation="http://www.loc.gov/MARC21/slim http://www.loc.gov/standards/marcxml/schema/MARC21slim.xsd"
    xmlns="http://www.loc.gov/MARC21/slim">

  <leader>00525nam a2200157Ia 4500</leader>
  <controlfield tag="008">230718s9999    xx            000 0 und d</controlfield>
  <datafield tag="041" ind1=" " ind2=" ">
    <subfield code="a">eng</subfield>
  </datafield>
  <datafield tag="082" ind1=" " ind2=" ">
    <subfield code="a">658.472</subfield>
    <subfield code="b">FEL</subfield>
  </datafield>
  <datafield tag="100" ind1=" " ind2=" ">
    <subfield code="a">Feldman D.</subfield>
    <subfield code="9">195060</subfield>
  </datafield>
  <datafield tag="245" ind1=" " ind2=" ">
    <subfield code="a">Developing Business Intelligence Apps For Share Point</subfield>
    <subfield code="b">Combine The Power Of SharePoint, LightSwitch, Power View, and SQL Server 2012</subfield>
  </datafield>
  <datafield tag="260" ind1=" " ind2=" ">
    <subfield code="c">2013</subfield>
    <subfield code="b">O'Reilly/SPD</subfield>
  </datafield>
  <datafield tag="300" ind1=" " ind2=" ">
    <subfield code="a">566</subfield>
  </datafield>
  <datafield tag="365" ind1=" " ind2=" ">
    <subfield code="c">Rs.</subfield>
    <subfield code="b">975.00</subfield>
  </datafield>
  <datafield tag="700" ind1=" " ind2=" ">
    <subfield code="a">Feldman D. &amp; Himmelstein J.</subfield>
    <subfield code="9">195061</subfield>
  </datafield>
  <datafield tag="906" ind1=" " ind2=" ">
    <subfield code="d">B:403010-Sep-2013</subfield>
    <subfield code="c">COMP</subfield>
    <subfield code="b">214.5</subfield>
  </datafield>
  <datafield tag="999" ind1=" " ind2=" ">
    <subfield code="c">333849</subfield>
    <subfield code="d">333849</subfield>
  </datafield>
  <datafield tag="952" ind1=" " ind2=" ">
    <subfield code="0">0</subfield>
    <subfield code="1">0</subfield>
    <subfield code="4">0</subfield>
    <subfield code="7">0</subfield>
    <subfield code="a">CCEP</subfield>
    <subfield code="b">CCEP</subfield>
    <subfield code="d">2013-10-18</subfield>
    <subfield code="e">Technical Book Services</subfield>
    <subfield code="f">COMP</subfield>
    <subfield code="g">760.50</subfield>
    <subfield code="i">4030</subfield>
    <subfield code="l">0</subfield>
    <subfield code="o">658.472</subfield>
    <subfield code="p">CCEP-BK-45056</subfield>
    <subfield code="r">2023-07-18 00:00:00</subfield>
    <subfield code="t">214.5</subfield>
    <subfield code="v">975.00</subfield>
    <subfield code="w">2013-09-10</subfield>
    <subfield code="y">BK</subfield>
    <subfield code="z">045056</subfield>
  </datafield>
</record>
